• 首页
  • 本馆介绍
  • 公告通知
  • 最新文献
  • 馆藏检索
  • 电子资源
  • 读者导购
  • 参考咨询
  • 我的图书馆
  • 登录
  • 详细信息显示
  • 放入我的书架
  • 预约/预借图书
  • 作者相关作品
  • 分类相关作品
  • 丛书相关作品
  • 出版社相关作品

书目信息

  • 表格格式
  • 工作单格式
  • 卡片格式
题名:
假如给我三天光明
    
 
作者: 凯勒 著 ;夏志强 编译
分册:  
出版信息: 北京   中国华侨出版社  2018
页数: 300页
开本: 21cm
丛书名:
单 册:
中图分类: K837.125.6=533 , K837.12
科图分类:
主题词: 女作家--自传--美国--现代
电子资源:
ISBN: 978-7-5113-7383-0
000 01215nam0 2200301 450
001 2340463619
005 20231110132503.47
010    @a978-7-5113-7383-0@dCNY45.00
100    @a20181129d2018 em y0chiy50 ea
101 1  @achi@ceng
102    @aCN@b110000
105    @aa z 000ya
200 1  @a假如给我三天光明@Ajia ru gei wo san tian guang ming@e海伦·凯勒自传@f(美)海伦·凯勒(Hellen Keller)著@g夏志强编译
210    @a北京@c中国华侨出版社@d2018
215    @a300页@c照片@d21cm
312    @a封面英文题名:Three days to see
314    @a海伦·凯勒 (Hellen Keller) (1880-1968),是美国著名盲聋女作家、教育家、社会活动家。
330    @a本书通过对海伦·凯勒的代表作品《我的生活》《莎莉老师》《走出黑暗》《假如给我三天光明》等进行汇编,系统展现了海伦·凯勒丰富、生动、真实而伟大的一生。
510 1  @aThree days to see@zeng
517 1  @a海伦·凯勒自传@Ahai lun · kai le zi zhuan
600  0 @a凯勒@c(Keller, Helen@f1880-1968)@x自传
606 0  @a女作家@x自传@y美国@z现代
690    @aK837.125.6=533@v5
690    @aK837.12@v4
701  0 @c(美)@a凯勒@Akai le@c(Keller, Hellen@f1880-1968)@4著
702  0 @a夏志强@Axia zhi qiang@4编译
801  0 @aCN@b安徽时代@c20230923
905    @aBZT@dK837.12@e69
    
    假如给我三天光明:海伦·凯勒自传/(美)海伦·凯勒(Hellen Keller)著/夏志强编译.-北京:中国华侨出版社,2018
    300页:照片;21cm
    
    
    ISBN 978-7-5113-7383-0:CNY45.00
    本书通过对海伦·凯勒的代表作品《我的生活》《莎莉老师》《走出黑暗》《假如给我三天光明》等进行汇编,系统展现了海伦·凯勒丰富、生动、真实而伟大的一生。
●
相关链接 在五车中查询图书 在当当中查询图书 在豆瓣中查询图书


正题名:假如给我三天光明     索取号:K837.12/69         预约/预借

序号 登录号 条形码 馆藏地/架位号 状态 备注
1 2000937726   2000937726   培训中心一楼图书角/四30架B面4层3列/ [索取号:K837.12/69] 在馆    
2 2000937727   2000937727   培训中心一楼图书角/四30架B面4层3列/ [索取号:K837.12/69] 在馆    
3 2000937728   2000937728   培训中心一楼图书角/四30架B面4层3列/ [索取号:K837.12/69] 在馆    
4 2000937729   2000937729   第四书库/四30架B面4层3列/ [索取号:K837.12/69] 在馆    
5 2000937730   2000937730   第四书库/四30架B面4层3列/ [索取号:K837.12/69] 在馆    
6 2000937731   2000937731   第四书库/四30架B面4层3列/ [索取号:K837.12/69] 在馆    
山东省滨州职业学院图书馆 欢迎您!
大连网信软件有限公司© 版权所有